Экологическое состояние реки Мзымта в рамках устойчивого развития экосистем на примере города Сочи как горноклиматического курорта; Проблемы геологии и освоения недр; Т. 1

التفاصيل البيبلوغرافية
Parent link:Проблемы геологии и освоения недр: труды XVIII Международного симпозиума имени академика М. А. Усова студентов и молодых ученых, Томск, 7-11 апреля 2014 г./ Национальный исследовательский Томский политехнический университет (ТПУ), Институт природных ресурсов (ИПР) ; Общество инженеров-нефтяников, международная некоммерческая организация, Студенческий чаптер ; под ред. А. Ю. Дмитриева.— , 2014
Т. 1.— [С. 515-516]
المؤلف الرئيسي: Зиппа Е. В. Елена Владимировна
مؤلف مشترك: Национальный исследовательский Томский политехнический университет (ТПУ) Институт природных ресурсов (ИПР) Кафедра гидрогеологии, инженерной геологии и гидрогеоэкологии (ГИГЭ)
مؤلفون آخرون: Янковский В. В. Владимир Владимирович (научный руководитель)
الملخص:Заглавие с экрана
اللغة:الروسية
منشور في:
سلاسل:Гидрогеохимия и гидрогеоэкология Земли. Геоинформационные системы в гидрогеоэкологии
الموضوعات:
الوصول للمادة أونلاين:http://earchive.tpu.ru/handle/11683/65408
http://www.lib.tpu.ru/fulltext/c/2014/C11/V1/247.pdf
التنسيق: الكتروني فصل الكتاب
KOHA link:https://koha.lib.tpu.ru/cgi-bin/koha/opac-detail.pl?biblionumber=608309

MARC

LEADER 00000naa2a2200000 4500
001 608309
005 20260319141736.0
035 |a (RuTPU)RU\TPU\conf\5739 
035 |a RU\TPU\conf\5738 
090 |a 608309 
100 |a 20140925d2014 k y0rusy50 ca 
101 0 |a rus 
102 |a RU 
135 |a drgn ---uucaa 
181 0 |a i  
182 0 |a b 
200 1 |a Экологическое состояние реки Мзымта в рамках устойчивого развития экосистем на примере города Сочи как горноклиматического курорта  |f Е. В. Зиппа  |g науч. рук. В. В. Янковский 
203 |a Текст  |c электронный 
225 1 |a Гидрогеохимия и гидрогеоэкология Земли. Геоинформационные системы в гидрогеоэкологии 
300 |a Заглавие с экрана 
320 |a [Библиогр.: с. 516 (5 назв.)] 
337 |a Adobe Reader 
461 1 |0 (RuTPU)RU\TPU\conf\5590  |t Проблемы геологии и освоения недр  |o труды XVIII Международного симпозиума имени академика М. А. Усова студентов и молодых ученых, Томск, 7-11 апреля 2014 г.  |o в 2 т.  |f Национальный исследовательский Томский политехнический университет (ТПУ), Институт природных ресурсов (ИПР) ; Общество инженеров-нефтяников, международная некоммерческая организация, Студенческий чаптер ; под ред. А. Ю. Дмитриева  |d 2014 
463 1 |0 (RuTPU)RU\TPU\conf\5592  |t Т. 1  |v [С. 515-516] 
610 1 |a труды учёных ТПУ 
610 1 |a электронный ресурс 
610 1 |a экологическое состояние 
610 1 |a реки 
610 1 |a экосистемы 
610 1 |a Сочи 
610 1 |a горноклиматические курорты 
700 1 |a Зиппа  |b Е. В.  |c специалист в области природообустройства и водопользования  |c инженер Томского политехнического университета  |f 1992-  |g Елена Владимировна  |3 (RuTPU)RU\TPU\pers\46695 
702 1 |a Янковский  |b В. В.  |c гидрогеолог  |c доцент Томского политехнического университета  |f 1959-  |g Владимир Владимирович  |4 727 
712 0 2 |a Национальный исследовательский Томский политехнический университет (ТПУ)  |b Институт природных ресурсов (ИПР)  |b Кафедра гидрогеологии, инженерной геологии и гидрогеоэкологии (ГИГЭ)  |3 (RuTPU)RU\TPU\col\18664 
801 2 |a RU  |b 63413507  |c 20210915  |g RCR 
856 4 |u http://earchive.tpu.ru/handle/11683/65408 
856 4 |u http://www.lib.tpu.ru/fulltext/c/2014/C11/V1/247.pdf 
942 |c BK